000 00505pab a2200169 454500
008 180718b1995 xxu||||| |||| 00| 0 eng d
100 _aKristiadi, J.B.
245 _aPublic sector reforms to improve the performance of the economic sector in Indonesia
260 _c1995
300 _ap.37-41
362 _aJan-Jun
650 _aEconomic and social development
650 _aPublic sector - Indonesia
650 _aPublic sector
773 _aAsian Review of Public Administration
909 _a31791
999 _c31791
_d31791